000 01005cam a2200265 4500
001 4920
005 20181127174415.0
008 090706s2008 bt ab bs 001 0 eng
010 _a 2009311815
020 _a9789993667308
042 _alcode
043 _aa-bt---
100 1 _aRoder, Walter.
245 1 4 _aThe potato in Bhutan /
_cWalter Roder, Karma Nidup, and Ganesh B. Chettri.
260 _aThimphu :
_bBhutan Potato Development Program, Dept. of Agriculture, Ministry of Agriculture,
_c2008.
300 _avii, 184 p. :
_bcol. ill., col. maps ;
_c25 cm.
500 _a""Publication of this book was supported by: The Bhutan Potato Development Program, DoA, MoA ... [et al.].
500 _aIncludes statistics.
504 _aIncludes bibliographical references (p. 178-179) and index.
650 0 _aPotato industry
_zBhutan
_vStatistics.
650 0 _aPotato industry
_zBhutan.
700 1 _aChettri, Ganesh B.
700 1 _aNidup, K.
_q(Karma)
710 2 _aBhutan Potato Development Program.
999 _c4097
_d4097